000 01814nam a22002417a 4500
005 20240305165608.0
007 cr|||| ||||
008 210702s2020 co |||||s|||| 00||0 spa d
020 _a978-958-792-150-2
035 _a33448
040 _avLex
090 _c11825
_d11825
245 0 0 _aCuaderno financiero
_h[Recurso electrónico] :
_bGestione sus ingresos y gastos
256 _aServicio en línea
260 _aBogotá:
_bEdiciones de la U,
_c2020
300 _a1 recurso electrónico
500 _a¿Alguna vez ha llegado a fin de mes y se ha preguntado dónde ha ido a parar su dinero? Probablemente sí, e incluso más de una vez. Para poner a raya sus finanzas y no perder el control, comience por anotar sus ingresos y gastos de manera organizada. De este modo, será más fácil hacer cálculos, analizar sus patrones de consumo y tomar decisiones acertadas. Incluso es probable que se lleve alguna sorpresa: muchas personas no tienen ni idea de cuánto gastan en ciertos artículos y, a veces, ver estos números negro sobre blanco da pie a hacer cambios que les ayuden a optimizar los ingresos de que disponen. Con la ayuda de este Cuaderno financiero le será más fácil lograr este objetivo. Aquí encontrará una manera sencilla y efectiva de administrar sus finanzas y no perder la pista de su dinero.
506 1 _aDisponible solo en los productos indicados
_dvLex Global
_dvLex Global (Academic Edition, excluding Law Schools)
_dvLex Global (U.S. Academic Edition, Law Schools)
_dvLex Global (U.S. Academic Edition, excluding Law Schools)
_dvLex Global (Academic Edition, Law Schools)
650 0 4 _aBanca y finanzas
_zColombia
740 0 _avLex Libros (Servicio en línea)
856 4 0 _uhttps://vlex.com/source/cuaderno-financiero-gestione-sus-ingresos-y-gastos-33448
942 _cRAA
999 _c170061
_d170061